000 00543nam a22001817a 4500
003 CEME
005 20210628203147.0
008 210203b xxu||||| |||| 00| 0 eng d
020 _a9780470242056
040 _c.
082 _a338.8 ALL
100 _aAllman, Keith A
_963687
245 _aReverse engineering deals on wall street with microsoft excel , a step by step guide
260 _aUSA
_bJOHN WILEY
_c2009
300 _aXV, 201P
650 _a1- FINANCIAL ENGINEERING , 2- INVESTMENTS MATHEMATICAL MODELS
_963688
942 _cBK
_2ddc
999 _c572429
_d572429